00525nas a2200193 4500001001000000003000900010005001700019007000300036008003400039040005400073041000900127072000800136100001400144245004000158650001900198650001100217650001900228773008400247BR9511235BR-BrBNA20231205095606.0ta230509b bl.|||p| |||| 00| 00por d aBR-BrBNAbporcBiblioteca Nacional de Agricultura a(Pt) aP361 aPetry, I.1 aBagaco de cana, no combate a erosao aCana de Acucar aBagaco aErosao do Solo0 tMundo Agricola (Brazil)xISSN 0100-4654g(Aug 1965), v. 14(164) p. 7wBR9511235